Communication progressive du Francais avec 270 activites: niveau debutant

Guardat en:
Dades bibliogràfiques
Autor principal: MIQUEL, Claire
Format: Llibre
Idioma:anglès
Publicat: CLE International 2004
Etiquetes: Afegir etiqueta
Sense etiquetes, Sigues el primer a etiquetar aquest registre!

MARC

LEADER 00000nam a22000007a 4500
008 230710b |||||||| |||| 00| 0 eng d
020 |a 9782090333060 
100 |a MIQUEL, Claire 
245 |a Communication progressive du Francais avec 270 activites:  |b niveau debutant  |c  / Claire Miquel  |g 128p. 
260 |b CLE International  |c 2004  |h [Paris]  |i 674041  |l PC2128.M67  |m French language  |m Conversation  |m Interpersonal communication  |m French language - Usage  |m French language - Grammar  |m French language - Spoken French 
942 |a lcc  |c BK  |e A.R.Akinniyi  |f 10:7:2023 
952 |0 0  |1 0  |2 lcc  |4 0  |6 PC2128 M67  |7 0  |9 4275  |a HOL  |b HOL  |c LP  |d 2023-07-10  |l 0  |o PC2128.M67  |p 2023-0202  |r 2023-07-10 00:00:00  |t  674041  |w 2023-07-10  |y BK 
999 |c 2148  |d 2148